Noctilien - Statistiques

Statistiques générales
  • Ce quiz a été pris 17 fois
    16 depuis la dernière actualisation
  • Le résultat moyen est 37 sur 76
Statistiques - réponses
Hint Réponse % Correct
n31 Gare de Lyon
100%
n131 Gare de Lyon
100%
n132 Gare de Lyon
100%
n144 Gare de Lyon
100%
n21 Châtelet
90%
n22 Châtelet
90%
n23 Châtelet
90%
n24 Châtelet
90%
n122 Châtelet
90%
n01 Circulaire intérieure Gare de l'Est
90%
n41 Gare de l'Est
90%
n42 Gare de l'Est
90%
n43 Gare de l'Est
90%
n44 Gare de l'Est
90%
n45 Gare de l'Est
90%
n140 Gare de l'Est
90%
n143 Gare de l'Est
90%
n02 Ciculaire exterieure Gare Montparnasse
70%
n61 Gare Montparnasse
70%
n62 Gare Montparnasse
70%
n63 Gare Montparnasse
70%
n66 Gare Montparnasse
70%
n145 Gare Montparnasse
70%
n51 Gare Saint Lazare
70%
n52 Gare Saint Lazare
70%
n53 Gare Saint Lazare
70%
n153 Gare Saint Lazare
70%
n11 Château de Vincennes
60%
n31 Aéroport d'Orly 4
50%
n13 Bobigny Pablo-Picasso
50%
n32 Gare de Lyon Diderot
50%
n34 Gare de Lyon Diderot
50%
n35 Gare de Lyon Diderot
50%
n11 Pont de Neuilly
50%
n12 Pont de Sèvres
50%
n15 Villejuif Louis Aragon
50%
n140 Aéroport Charles de Gaulle
40%
n143 Aéroport Charles de Gaulle
40%
n23 Chelles Gournay RER
40%
n22 Gare de Juvisy RER
40%
n33 Gare de Lyon Maison de la RATP
40%
n13 Mairie d'Issy
40%
n130 Marne la Vallée Chessy
40%
n16 Pont de Levallois
40%
n34 Torcy RER
40%
n33 Villiers sur Marne Le Plessis Trévise RER
40%
n35 Villiers sur Marne Le Plessis Trévise RER
40%
n32 Boissy Saint Léger RER
30%
n61 Clamart Georges Pompidou
30%
n144 Gare de Corbeil Essonnes
30%
n145 Gare de Rambouillet
30%
n43 Gare de Sarcelles Saint Brice
30%
n44 Garges Sarcelles RER
30%
n21 Hôpital de Longjumeau
30%
n14 La Croix de Berny RER
30%
n62 Marché International de Rungis
30%
n71 Marché International de Rungis
30%
n12 Romainville Carnot
30%
n122 Saint Rémy les Chevreuse RER
30%
n24 Sartrouville RER
30%
n52 Gare de Cormeilles en Parisis
20%
n132 Gare de Melun RER
20%
n153 Gare de Saint Germain en Laye
20%
n45 Hôpital de Montfermeil
20%
n14 Mairie de Saint Ouen République
20%
n42 Aulnay sous Bois Garonor
10%
n15 Gabriel Péri Métro
10%
n66 Gare de Chaville Rive Droite
10%
n130 Gare de Lyon Van Gogh
10%
n51 Gare d'Enghien
10%
n16 Mairie de Montreuil Rouget de Lisle
10%
n53 Nanterre Anatole France
10%
n41 Villeparisis Mitry le Neuf RER
10%
n131 Gare de Brétigny sur Orge RER
0%
n71 Gare de Val Fontenay RER
0%
n63 Polytechnique Vauve
0%
Aucun quiz correspondant
Distribution des résultats
% des personnes avec chaque résultat
Percentile par nombre de réponses
Votre historique - résultats
Vous n’avez pas pris ce quiz depuis la dernière actualisation